[Event "GER rap18 FSM/V04 email"]
[Site "GER email"]
[Date "2018.10.23"]
[Round "?"]
[White "Nitschke, Norbert"]
[Black "Drescher, Andreas"]
[Result "1-0"]
[WhiteElo "1980"]
[BlackElo "1710"]
[PlyCount "87"]
[EventDate "2018.11.01"]
[EventType "tourn (corr)"]
[EventRounds "4"]
[EventCountry "GER"]
[SourceTitle "Corr 2020"]
[Source "ChessBase"]
[SourceDate "2019.09.30"]
[SourceVersion "1"]
[SourceVersionDate "2019.09.30"]
[SourceQuality "1"]

1. e4 c5 2. Nf3 d6 3. d4 cxd4 4. Qxd4 h6 5. Be2 e5 6. Qe3 Nf6 7. c4 Be7 8. 0-0 0-0 9. Rd1 Bd7 10. Nc3 Na6 11. Qd2 Rc8 12. Qc2 Nc5 13. b4 Ne6 14. Be3 a5 15. a3 Ng4 16. Bc1 Nf6 17. g3 Re8 18. Qd3 Ng4 19. h3 Nf6 20. Be3 Nf8 21. Kh2 Ng6 22. Bf1 Rf8 23. Nd2 Qc7 24. Rac1 axb4 25. axb4 Ra8 26. c5 Rfc8 27. Nd5 Nxd5 28. exd5 Qd8 29. Bg2 Ba4 30. Re1 Qe8 31. Ne4 Bb5 32. Qb1 Rd8 33. cxd6 Bxd6 34. Bb6 Bf8 35. Red1 Rd7 36. d6 Ra3 37. Bc7 b6 38. Bxb6 f5 39. Nc3 Bc4 40. Bc6 Be6 41. Nb5 Rb3 42. Qc2 Qf7 43. Nc7 Rxc7 44. dxc7 1-0

[Event "GER HS-241 email"]
[Site "GER email"]
[Date "2018.05.24"]
[Round "?"]
[White "Drescher, Andreas"]
[Black "Zepf, Udo"]
[Result "1/2-1/2"]
[WhiteElo "1710"]
[BlackElo "1867"]
[PlyCount "156"]
[EventDate "2018.06.12"]
[EventType "tourn (corr)"]
[EventRounds "6"]
[EventCountry "GER"]
[SourceTitle "Corr 2022"]
[Source "ChessBase"]
[SourceDate "2021.10.24"]
[SourceVersion "1"]
[SourceVersionDate "2021.10.24"]
[SourceQuality "1"]

1. d4 d5 2. Bf4 Nf6 3. Nc3 e6 4. e3 Bb4 5. Bd3 c5 6. dxc5 Nbd7 7. Nge2 a6 8. Bg3 Bxc5 9. Nd4 0-0 10. Nb3 Be7 11. 0-0 g6 12. h3 b5 13. a4 b4 14. Na2 a5 15. c3 Ba6 16. Bxa6 Rxa6 17. cxb4 axb4 18. a5 Qa8 19. Qd4 Rc6 20. Rfc1 Ne4 21. Bh2 Rcc8 22. Rxc8 Rxc8 23. Qd1 Bf6 24. Rb1 Bh4 25. f3 Nec5 26. Nxc5 Nxc5 27. Nxb4 Qxa5 28. Qd4 Be7 29. Qc3 Qb5 30. Be5 f6 31. Bd4 Qb7 32. Qe1 Qb5 33. Rc1 Rc7 34. Na2 Rb7 35. Qc3 Nb3 36. Qc8+ Kg7 37. Rc7 Rxc7 38. Qxc7 Kf7 39. Nc3 Qb4 40. Ba7 g5 41. Qd7 Nc5 42. Bxc5 Qxc5 43. Kf2 f5 44. Nb5 f4 45. Nd4 Qd6 46. Qc8 Qe5 47. Qc1 Bf6 48. Nc6 Qc7 49. exf4 Qb6+ 50. Kf1 gxf4 51. b4 e5 52. Qc2 Qa6+ 53. Kg1 Kg7 54. Kh2 Bh4 55. Na5 Bg3+ 56. Kg1 Qb6+ 57. Qc5 Qxc5+ 58. bxc5 Be1 59. Nc6 Kf6 60. Kf1 Bh4 61. Nb4 Ke6 62. Ke2 Be7 63. Na6 Bd8 64. Nb4 Ba5 65. Nd3 Bc3 66. Kd1 Bd4 67. Kc2 Be3 68. c6 Bb6 69. Kc3 Bc7 70. Kb4 e4 71. Nc1 e3 72. h4 Kd6 73. Kb5 Ke5 74. Ne2 Bd6 75. h5 h6 76. c7 Bxc7 77. Kb4 Bd8 78. Kc3 Bf6 1/2-1/2